Financial institutions management / (Record no. 346524)

000 -LEADER
fixed length control field 00651 a2200217 4500
003 - CONTROL NUMBER IDENTIFIER
control field OSt
005 - DATE AND TIME OF LATEST TRANSACTION
control field 20180116182821.0
008 - FIXED-LENGTH DATA ELEMENTS--GENERAL INFORMATION
fixed length control field 160425b xxu||||| |||| 00| 0 eng d
020 ## - INTERNATIONAL STANDARD BOOK NUMBER
International Standard Book Number 0071233040 (paperback)
020 ## - INTERNATIONAL STANDARD BOOK NUMBER
International Standard Book Number 9780071233040 (paperback)
040 ## - CATALOGING SOURCE
Transcribing agency 0
100 1# - MAIN ENTRY--PERSONAL NAME
Personal name Saunders.
245 10 - TITLE STATEMENT
Title Financial institutions management /
Statement of responsibility, etc. Saunders.
250 ## - EDITION STATEMENT
Edition statement fourth international ed.
260 ## - PUBLICATION, DISTRIBUTION, ETC.
Date of publication, distribution, etc. 2003
300 ## - PHYSICAL DESCRIPTION
Extent 1 v. (unpaged)
490 1# - SERIES STATEMENT
Series statement International edition.
830 #0 - SERIES ADDED ENTRY--UNIFORM TITLE
Uniform title International edition.
856 40 - ELECTRONIC LOCATION AND ACCESS
Materials specified Amazon.com
Uniform Resource Identifier <a href="http://www.amazon.com/exec/obidos/ASIN/0071233040/chopaconline-20">http://www.amazon.com/exec/obidos/ASIN/0071233040/chopaconline-20</a>
942 ## - ADDED ENTRY ELEMENTS (KOHA)
Institution code [OBSOLETE] NBS
Koha item type Book
Call number prefix 332.1068 SAU
Source of classification or shelving scheme
Holdings
Withdrawn status Lost status Damaged status Not for loan Permanent Location Current Location Date acquired Total Checkouts Full call number Barcode Date last seen Date last checked out Price effective from Koha item type
        Central Library (CL) Central Library (CL) 08/28/2013 1 332.1068 SAU NBS5148 11/22/2017 07/31/2017 08/28/2013 Book
© 2023 Central Library, National University of Sciences and Technology. All Rights Reserved.